Remembering the early modern voyage : English narratives in the age of European expansion /
| Main Author: | |
|---|---|
| Format: | Book |
| Language: | English |
| Published: |
New York :
Palgrave Macmillan,
2008.
|
| Edition: | 1st ed. |
| Series: | Early modern cultural studies.
|
| Subjects: | |
| Online Access: | Contributor biographical information Publisher description Table of contents only |
MARC
| Tag | First Indicator | Second Indicator | Subfields |
|---|---|---|---|
| LEADER | 00000cam a22000004a 4500 | ||
| 001 | in00002389286 | ||
| 005 | 20151109055042.0 | ||
| 008 | 071004s2008 nyua b 001 0 eng | ||
| 010 | |a 2007041296 | ||
| 020 | |a 0230603254 | ||
| 020 | |a 9780230603257 | ||
| 035 | |a (OCoLC)ocn156831917 | ||
| 035 | |a (OCoLC)156831917 | ||
| 040 | |a DLC |c DLC |d BTCTA |d BAKER |d YDXCP |d C#P |d UtOrBLW | ||
| 043 | |a e-uk-en | ||
| 049 | |a TXAM | ||
| 050 | 0 | 0 | |a G242 |b .F85 2008 |
| 082 | 0 | 0 | |a 970.01/7 |2 22 |
| 100 | 1 | |a Fuller, Mary C. | |
| 245 | 1 | 0 | |a Remembering the early modern voyage : |b English narratives in the age of European expansion / |c Mary C. Fuller. |
| 250 | |a 1st ed. | ||
| 264 | 1 | |a New York : |b Palgrave Macmillan, |c 2008. | |
| 300 | |a xii, 244 pages : |b illustrations ; |c 22 cm. | ||
| 336 | |a text |b txt |2 rdacontent | ||
| 337 | |a unmediated |b n |2 rdamedia | ||
| 338 | |a volume |b nc |2 rdacarrier | ||
| 490 | 1 | |a Early modern cultural studies | |
| 504 | |a Includes bibliographical references (pages [213]-228) and index. | ||
| 650 | 0 | |a Discoveries in geography |x English. | |
| 650 | 0 | |a Explorers. | |
| 830 | 0 | |a Early modern cultural studies. | |
| 856 | 4 | 2 | |3 Contributor biographical information |u http://www.loc.gov/catdir/enhancements/fy0812/2007041296-b.html |t 0 |
| 856 | 4 | 2 | |3 Publisher description |u http://www.loc.gov/catdir/enhancements/fy0812/2007041296-d.html |t 0 |
| 856 | 4 | 1 | |3 Table of contents only |u http://www.loc.gov/catdir/enhancements/fy0812/2007041296-t.html |t 0 |
| 938 | |a Baker and Taylor |b BTCP |n BK0007343825 | ||
| 938 | |a YBP Library Services |b YANK |n 2738658 | ||
| 938 | |a Baker & Taylor |b BKTY |c 74.95 |d 74.95 |i 0230603254 |n 0007343825 |s active | ||
| 945 | |a PromptCat |b 419707 | ||
| 946 | |a stk | ||
| 947 | |a A14836785156 | ||
| 994 | |a 92 |b TXA | ||
| 948 | |a cataloged |b h |c 2008/5/30 |d c |e asalazar |f 1:05:13 pm | ||
| 999 | |a MARS | ||
| 999 | f | f | |s 68136fcc-9fe0-3c30-970e-8a6f60bd5294 |i c30d7ff2-e672-3af7-b655-1b9255f49a16 |t 0 |
| 952 | f | f | |p normal |a Texas A&M University |b College Station |c Sterling C. Evans Library |d Evans: Library Stacks |t 0 |e G242 .F85 2008 |h Library of Congress classification |i unmediated -- volume |m A14836785156 |
| 998 | f | f | |a G242 .F85 2008 |t 0 |l Evans: Library Stacks |